000 01056nam0a22002651 4500
001 rc\3810003
005 20120329114705.6
021 _aRU
_b[76-74850]
035 _a(NLR Aleph) 007264760
090 _a5345625
_c5345625
100 _a20120329d1976 |||y0rusy50 ca
101 0 _arus
102 _aRU
105 _ay z |||||
200 1 _aДиагностика и лечение патологии ЛОР-органов
_e(Межвуз. сборник)
_fАлма-Ат. гос. мед. ин-т, Каз. респ. науч. о-во оториноларингологов
_g[Ред. коллегия: Тайбогаров С.Е. (отв. ред.) и др.]
210 _aАлма-Ата
_cБ. и.
_d1976
215 _a100 с.
_d20
606 _aЛорорганы
_xПатология
_jСборники
_2psbo
702 1 _aТайбогаров
_bС. Е.
_4340
712 0 2 _aАлма-Атинский мед. ин-т
_3RU\NLR\AUTH\889938545
801 0 _aRU
_bNLR
_gpsbo
801 1 _aRU
_bELAR
_2rusmarc
852 _aNLR
_j77-4/4674
942 _cBOOK
980 _aNB